[Event "Dhaka SGS op"]
[Site "Dhaka"]
[Date "2017.06.06"]
[Round "4"]
[White "Md, Sharif Hossain"]
[Black "Rahman, Mujibur"]
[Result "1-0"]
[WhiteElo "2180"]
[BlackElo "1851"]
[PlyCount "107"]
[EventDate "2017.06.03"]
[EventType "swiss"]
[EventRounds "9"]
[EventCountry "BAN"]
[SourceTitle "EXT 2019"]
[Source "ChessBase"]
[SourceDate "2018.10.10"]
[SourceVersion "1"]
[SourceVersionDate "2018.10.10"]
[SourceQuality "1"]

1. e4 e6 2. d4 d5 3. Nc3 Nf6 4. e5 Nfd7 5. f4 c5 6. Nf3 Nc6 7. Be3 Qb6 8. Qd2 a6 9. Be2 cxd4 10. Nxd4 Qxb2 11. Rb1 Qa3 12. 0-0 Bb4 13. Rb3 Qa5 14. a3 Be7 15. Kh1 0-0 16. Bf3 Qc7 17. Nxc6 bxc6 18. Na4 a5 19. Nb6 Nxb6 20. Bxb6 Qb7 21. Bd8 Bb4 22. axb4 a4 23. Ra3 Rxd8 24. Rfa1 Bd7 25. c3 c5 26. bxc5 Qc7 27. c4 Qxc5 28. cxd5 exd5 29. Qxd5 Qxd5 30. Bxd5 Ra5 31. Ba2 Be6 32. g3 Bf5 33. Bc4 Be4+ 34. Kg1 Bc6 35. Rc1 Be8 36. Kf2 Rd2+ 37. Be2 Kf8 38. Rc8 Ke7 39. Ke3 Rd8 40. Rc7+ Rd7 41. Rc8 Rd8 42. Rc4 f6 43. Rc7+ Rd7 44. exf6+ Kxf6 45. Rc6+ Ke7 46. Bc4 Kd8 47. Be6 Rd1 48. Rc8+ Ke7 49. Bg4 Rd6 50. Kf2 Rd2+ 51. Ke1 Rxh2 52. Re3+ Kd6 53. Re6+ Kd5 54. Re5+ 1-0

[Event "BAN-chB 42nd"]
[Site "Dhaka"]
[Date "2016.10.27"]
[Round "8"]
[White "Rahman, Mujibur"]
[Black "Nayem, Haque"]
[Result "0-1"]
[WhiteElo "1933"]
[BlackElo "1983"]
[PlyCount "66"]
[EventDate "2016.10.20"]
[EventType "swiss"]
[EventRounds "11"]
[EventCountry "BAN"]
[SourceTitle "CBM 175 Extra"]
[Source "ChessBase"]
[SourceDate "2016.12.12"]
[SourceVersion "1"]
[SourceVersionDate "2016.12.12"]
[SourceQuality "1"]

1. c4 e5 2. Nc3 Nf6 3. Nf3 Nc6 4. e3 Be7 5. d4 exd4 6. exd4 d6 7. d5 Nb8 8. Bd3 Bg4 9. 0-0 0-0 10. h3 Bh5 11. Nb5 Nbd7 12. Be2 Nb6 13. Nbd4 Nfd7 14. Qc2 Bg6 15. Bd3 Ne5 16. Bxg6 Nxf3+ 17. Nxf3 hxg6 18. Be3 Bf6 19. Rad1 Qd7 20. Nd4 Rfe8 21. b3 Nc8 22. Rfe1 Ne7 23. g4 a6 24. a4 c5 25. Ne2 g5 26. Qc1 Ng6 27. Bxg5 Bxg5 28. Qxg5 Re5 29. Qc1 Nh4 30. f4 Re4 31. Kf2 f5 32. g5 Ng6 33. Rh1 Rae8 0-1

[Event "BAN-chB 42nd"]
[Site "Dhaka"]
[Date "2016.10.21"]
[Round "2"]
[White "Rahman, Mujibur"]
[Black "Bhuiyan, Golam Mostafa"]
[Result "0-1"]
[WhiteElo "1933"]
[BlackElo "2102"]
[PlyCount "43"]
[EventDate "2016.10.20"]
[EventType "swiss"]
[EventRounds "11"]
[EventCountry "BAN"]
[SourceTitle "CBM 175 Extra"]
[Source "ChessBase"]
[SourceDate "2016.12.12"]
[SourceVersion "1"]
[SourceVersionDate "2016.12.12"]
[SourceQuality "1"]

1. c4 Nf6 2. d4 g6 3. Nc3 Bg7 4. e4 d6 5. Nf3 0-0 6. Be2 Nc6 7. d5 Nb8 8. Bg5 Nbd7 9. 0-0 c6 10. Rc1 Qc7 11. Rc2 Nc5 12. Nd2 a5 13. Be3 e5 14. Bxc5 dxc5 15. Nb3 Rd8 16. Rd2 Bf8 17. Re1 a4 18. Nc1 Bd7 19. Qc2 cxd5 20. exd5 Bd6 21. g3 Re8 22. Bf3 0-1

[Event "Dhaka op"]
[Site "Dhaka"]
[Date "2016.07.01"]
[Round "8"]
[White "Rahman, Mujibur"]
[Black "S, M Sharon"]
[Result "1-0"]
[WhiteElo "1978"]
[BlackElo "2114"]
[PlyCount "113"]
[EventDate "2016.06.24"]
[EventType "swiss"]
[EventRounds "9"]
[EventCountry "BAN"]
[SourceTitle "EXT 2017"]
[Source "ChessBase"]
[SourceDate "2016.10.25"]
[SourceVersion "1"]
[SourceVersionDate "2016.10.25"]
[SourceQuality "1"]

1. c4 d6 2. Nc3 c5 3. Nf3 Nc6 4. d4 cxd4 5. Nxd4 g6 6. e4 Bg7 7. Be3 Nf6 8. Be2 0-0 9. 0-0 a6 10. f3 Bd7 11. Qd2 Rc8 12. Rac1 Qa5 13. Nxc6 bxc6 14. Rfd1 Rfd8 15. Bf1 Rb8 16. b3 Be6 17. Rc2 Qb4 18. Na4 Qxd2 19. Rcxd2 Bc8 20. c5 d5 21. exd5 Nxd5 22. Nb6 Bb7 23. Bc4 e6 24. Bf4 Bc3 25. Rd3 Bb4 26. Bxb8 Bxc5+ 27. Kh1 Bxb6 28. Be5 Re8 29. Bd4 Ba5 30. Bc5 f6 31. a3 Kf7 32. b4 Bc7 33. g3 h5 34. Kg2 h4 35. R3d2 Rh8 36. Re1 g5 37. Re4 Rd8 38. Rd3 Be5 39. Kf2 Rh8 40. Kg2 Bc7 41. Rd1 Bc8 42. Rd3 Rd8 43. Re1 Be5 44. a4 Bb7 45. Rb1 Rh8 46. Bxd5 cxd5 47. b5 axb5 48. axb5 hxg3 49. hxg3 Ra8 50. Ra3 Ke8 51. Rxa8+ Bxa8 52. Rh1 Kd7 53. Rh7+ Kc8 54. Re7 d4 55. Kf2 Bd5 56. g4 d3 57. Be3 1-0